Carbon fibres and their composites / (Record no. 6560)
[ view plain ]
| 000 -LEADER | |
|---|---|
| fixed length control field | 01285nac a22002531u 4500 |
| 010 ## - LIBRARY OF CONGRESS CONTROL NUMBER | |
| LC control number | 85017250 |
| 020 ## - INTERNATIONAL STANDARD BOOK NUMBER | |
| International Standard Book Number | 0387158049 (U.S.) |
| 082 00 - DEWEY DECIMAL CLASSIFICATION NUMBER | |
| Classification number | 620.118 |
| Item number | FIT |
| 090 ## - LOCALLY ASSIGNED LC-TYPE CALL NUMBER (OCLC); LOCAL CALL NUMBER (OCLC) | |
| -- | 6560 |
| -- | 6560 |
| 100 ## - MAIN ENTRY--PERSONAL NAME | |
| Personal name | Fitzer, Erich |
| 245 00 - TITLE STATEMENT | |
| Title | Carbon fibres and their composites / |
| Statement of responsibility, etc | edited by Erich Fitzer. |
| 260 ## - PUBLICATION, DISTRIBUTION, ETC. (IMPRINT) | |
| Place of publication, distribution, etc | Berlin ; |
| -- | New York : |
| Name of publisher, distributor, etc | Springer-Verlag ; |
| Place of publication, distribution, etc | New York : |
| Name of publisher, distributor, etc | UNFSSTD,c1985. |
| Date of publication, distribution, etc | c1985. |
| 300 ## - PHYSICAL DESCRIPTION | |
| Extent | 296 p. : |
| Other physical details | ill. ; |
| Dimensions | 25 cm. |
| 500 ## - GENERAL NOTE | |
| General note | "Based on papers presented at the International Conference on Carbon Fibre Applications, São JoseÌ? dos Campos (SP), Brazil, 5-9 December 1983 ... jointly sponsored by the Centro TeÌ?cnico Aeroespacial, the United Nations Industrial Development Organization, and the United Nations Financing System for Science and Technology for Development (UNFSSTD)." |
| 500 ## - GENERAL NOTE | |
| General note | Distributer: Al-Ahram. |
| 504 ## - BIBLIOGRAPHY, ETC. NOTE | |
| Bibliography, etc | Includes bibliographies. |
| 511 ## - PARTICIPANT OR PERFORMER NOTE | |
| Participant or performer note | Catalogued By: Mahitab. |
| 650 #0 - SUBJECT ADDED ENTRY--TOPICAL TERM | |
| Topical term or geographic name as entry element | Carbon composites |
| General subdivision | Congresses. |
| 650 #0 - SUBJECT ADDED ENTRY--TOPICAL TERM | |
| Topical term or geographic name as entry element | Carbon fibers |
| General subdivision | Congresses. |
| 710 2# - ADDED ENTRY--CORPORATE NAME | |
| Corporate name or jurisdiction name as entry element | Centro TeÌ?cnico Aeroespacial. |
| 710 2# - ADDED ENTRY--CORPORATE NAME | |
| Corporate name or jurisdiction name as entry element | United Nations Industrial Development Organization. |
| 710 2# - ADDED ENTRY--CORPORATE NAME | |
| Corporate name or jurisdiction name as entry element | United Nations Financing System for Science and Technology for Development. |
| 942 ## - ADDED ENTRY ELEMENTS (KOHA) | |
| Item type | Book - Borrowing |
| Call number prefix | 620.118FIT |
| Withdrawn status | Item status | Damaged status | Not for loan | Home library | Current library | Shelving location | Date acquired | Source of acquisition | Total Checkouts | Total Renewals | Full call number | Barcode | Date last seen | Date last borrowed | Koha item type |
|---|---|---|---|---|---|---|---|---|---|---|---|---|---|---|---|
| Central Library | Central Library | First floor | 26/11/2007 | Purchase | 2 | 24 | 620.118FIT | 000008050 | 15/07/2025 | 23/03/2019 | Book - Borrowing |